<?xml version="1.0" encoding="UTF-8"?>
<record
    xmlns:xsi="http://www.w3.org/2001/XMLSchema-instance"
    xsi:schemaLocation="http://www.loc.gov/MARC21/slim http://www.loc.gov/standards/marcxml/schema/MARC21slim.xsd"
    xmlns="http://www.loc.gov/MARC21/slim">

  <leader>00297nam a22001337a 4500</leader>
  <controlfield tag="003">SGT</controlfield>
  <datafield tag="082" ind1=" " ind2=" ">
    <subfield code="a">400</subfield>
    <subfield code="b">V17G</subfield>
  </datafield>
  <datafield tag="100" ind1=" " ind2=" ">
    <subfield code="a">GUPTA, NISHA RANI</subfield>
  </datafield>
  <datafield tag="245" ind1=" " ind2=" ">
    <subfield code="a">VISHAY VARG EVAM VISHAYON KI SAMAJH</subfield>
  </datafield>
  <datafield tag="260" ind1=" " ind2=" ">
    <subfield code="a">AGRA</subfield>
    <subfield code="b">RAKHI PRAKASHAN</subfield>
    <subfield code="c">2017</subfield>
  </datafield>
  <datafield tag="300" ind1=" " ind2=" ">
    <subfield code="a">247</subfield>
  </datafield>
  <datafield tag="650" ind1=" " ind2=" ">
    <subfield code="a">EDUCATION</subfield>
  </datafield>
  <datafield tag="942" ind1=" " ind2=" ">
    <subfield code="2">ddc</subfield>
    <subfield code="c">BK</subfield>
  </datafield>
  <datafield tag="952" ind1=" " ind2=" ">
    <subfield code="0">0</subfield>
    <subfield code="1">0</subfield>
    <subfield code="2">ddc</subfield>
    <subfield code="4">0</subfield>
    <subfield code="7">1</subfield>
    <subfield code="8">FE</subfield>
    <subfield code="a">FE</subfield>
    <subfield code="b">FE</subfield>
    <subfield code="c">REF</subfield>
    <subfield code="d">2017-07-25</subfield>
    <subfield code="e">ONS BOOK</subfield>
    <subfield code="g">150.00</subfield>
    <subfield code="i">SGTU</subfield>
    <subfield code="o">400 V17G</subfield>
    <subfield code="p">ED3193</subfield>
    <subfield code="r">2017-07-25 00:00:00</subfield>
    <subfield code="w">2017-03-17</subfield>
    <subfield code="y">BK</subfield>
    <subfield code="k">ONS/GTT/01-16-17</subfield>
  </datafield>
  <datafield tag="952" ind1=" " ind2=" ">
    <subfield code="0">0</subfield>
    <subfield code="1">0</subfield>
    <subfield code="2">ddc</subfield>
    <subfield code="4">0</subfield>
    <subfield code="7">0</subfield>
    <subfield code="8">FE</subfield>
    <subfield code="a">FE</subfield>
    <subfield code="b">FE</subfield>
    <subfield code="c">TXT</subfield>
    <subfield code="d">2017-07-25</subfield>
    <subfield code="e">ONS BOOK</subfield>
    <subfield code="g">150.00</subfield>
    <subfield code="i">SGTU</subfield>
    <subfield code="l">1</subfield>
    <subfield code="o">400 V17G</subfield>
    <subfield code="p">ED3194</subfield>
    <subfield code="r">2020-01-07 00:00:00</subfield>
    <subfield code="s">2020-01-07</subfield>
    <subfield code="w">2017-03-17</subfield>
    <subfield code="y">BK</subfield>
    <subfield code="k">ONS/GTT/01-16-17</subfield>
  </datafield>
  <datafield tag="952" ind1=" " ind2=" ">
    <subfield code="0">0</subfield>
    <subfield code="1">0</subfield>
    <subfield code="2">ddc</subfield>
    <subfield code="4">0</subfield>
    <subfield code="7">0</subfield>
    <subfield code="8">FE</subfield>
    <subfield code="a">FE</subfield>
    <subfield code="b">FE</subfield>
    <subfield code="c">TXT</subfield>
    <subfield code="d">2017-07-25</subfield>
    <subfield code="e">ONS BOOK</subfield>
    <subfield code="g">150.00</subfield>
    <subfield code="i">SGTU</subfield>
    <subfield code="o">400 V17G</subfield>
    <subfield code="p">ED3195</subfield>
    <subfield code="r">2017-07-25 00:00:00</subfield>
    <subfield code="w">2017-03-17</subfield>
    <subfield code="y">BK</subfield>
    <subfield code="k">ONS/GTT/01-16-17</subfield>
  </datafield>
  <datafield tag="952" ind1=" " ind2=" ">
    <subfield code="0">0</subfield>
    <subfield code="1">0</subfield>
    <subfield code="2">ddc</subfield>
    <subfield code="4">0</subfield>
    <subfield code="7">0</subfield>
    <subfield code="8">FE</subfield>
    <subfield code="a">FE</subfield>
    <subfield code="b">FE</subfield>
    <subfield code="c">TXT</subfield>
    <subfield code="d">2017-07-25</subfield>
    <subfield code="e">ONS BOOK</subfield>
    <subfield code="g">150.00</subfield>
    <subfield code="i">SGTU</subfield>
    <subfield code="l">5</subfield>
    <subfield code="o">400 V17G</subfield>
    <subfield code="p">ED3196</subfield>
    <subfield code="r">2020-08-20 00:00:00</subfield>
    <subfield code="s">2020-03-13</subfield>
    <subfield code="w">2017-03-17</subfield>
    <subfield code="y">BK</subfield>
    <subfield code="k">ONS/GTT/01-16-17</subfield>
  </datafield>
  <datafield tag="952" ind1=" " ind2=" ">
    <subfield code="0">0</subfield>
    <subfield code="1">0</subfield>
    <subfield code="2">ddc</subfield>
    <subfield code="4">0</subfield>
    <subfield code="7">0</subfield>
    <subfield code="8">FE</subfield>
    <subfield code="a">FE</subfield>
    <subfield code="b">FE</subfield>
    <subfield code="c">TXT</subfield>
    <subfield code="d">2017-07-25</subfield>
    <subfield code="e">ONS BOOK</subfield>
    <subfield code="g">150.00</subfield>
    <subfield code="i">SGTU</subfield>
    <subfield code="l">2</subfield>
    <subfield code="o">400 V17G</subfield>
    <subfield code="p">ED3197</subfield>
    <subfield code="r">2020-10-22 00:00:00</subfield>
    <subfield code="s">2020-10-21</subfield>
    <subfield code="w">2017-03-17</subfield>
    <subfield code="y">BK</subfield>
    <subfield code="k">ONS/GTT/01-16-17</subfield>
  </datafield>
  <datafield tag="999" ind1=" " ind2=" ">
    <subfield code="c">12742</subfield>
    <subfield code="d">12742</subfield>
  </datafield>
</record>
